Geografía económica mundial y argentina (Registro nro. 2842)

Detalles MARC
000 -LEADER
fixed length control field 01795 a2200205 4500
001 - CONTROL NUMBER
control field 38041
005 - DATE AND TIME OF LATEST TRANSACTION
control field 20260407155646.0
008 - FIXED-LENGTH DATA ELEMENTS--GENERAL INFORMATION
fixed length control field 260407a1994 arg spa d
003 - CONTROL NUMBER IDENTIFIER
control field AR-UNSa-BCEJYS
040 ## - CATALOGING SOURCE
Original cataloging agency AR-UNSa-BCEJYS
Language of cataloging spa
Transcribing agency AR-UNSa-BCEJYS
080 ## - UNIVERSAL DECIMAL CLASSIFICATION NUMBER
Universal Decimal Classification number 911.3:33(82)
Common auxiliary subdivision Geografía económica argentina
100 1# - MAIN ENTRY--PERSONAL NAME
Personal name Carlevari, Isidro J.F.
245 10 - TITLE STATEMENT
Title Geografía económica mundial y argentina
Name of part/section of a work con particular referencia a latinoamérica
250 ## - EDITION STATEMENT
Edition statement 5a. ed
264 #1 - PRODUCTION, PUBLICATION, DISTRIBUTION, MANUFACTURE, AND COPYRIGHT NOTICE
Place of production, publication, distribution, manufacture Buenos Aires :
Name of producer, publisher, distributor, manufacturer ERGON
Date of production, publication, distribution, manufacture, or copyright notice 1994
300 ## - PHYSICAL DESCRIPTION
Extent xxix, 479 p.
Dimensions 26 cm.
505 ## - FORMATTED CONTENTS NOTE
Formatted contents note 1. La realidad socioeconomica mundial - 2. La geografía económica y sus principios fundamentales - 3. Factores naturales indirectos - 4. Recursos naturales - 5. Estadistica demografica - 6. Dinámica demografica - 7. Instrumental de producción - 8. La energia - 9. Transporte y comunicaciones - 10. Acumulación y conservación de bienes - 11. Aspectos económicos de la agricultura - 12. Cereales - 13. Oleaginosas - 14. Fibras textiles - 15. Plantas sacariferas - 16. Plantas estimulantes - 17. Hortalizas, legumbres y frutales - 18. Ganaderia - 19. Avicultura - 20. Fauna terrestre y riqueza del mar - 21. Recursos forestales - 22. Explotación forestal - 23. La mineria en general - 24. Minerales metaliferos - 25. Minerales no metaliferos - 26. La mineria y la siderurgia en la argentina - 27. La industria en general - 28. Principales regiones industriales en el mundo - 29. Principales ramas de la industria - 30. La industria en la argentina - 31. Comercio internacional - 32. Corrientes comerciales y agrupamientos regionales en el mundo - 33. El comercio en la argentina - 34. Compendio de la economía argentina en el contexto mundial - 35. América latina.
590 ## - LOCAL NOTE (RLIN)
Local note niveau_biblio:m niveau_hierar:0
942 ## - ADDED ENTRY ELEMENTS (KOHA)
Koha item type
Existencias
Withdrawn status Lost status Damaged status Not for loan Home library Current library Shelving location Date acquired Total checkouts Full call number Barcode Date last seen Price effective from Koha item type
        Biblioteca Prof. Eusebio Cleto del Rey Biblioteca Prof. Eusebio Cleto del Rey   07/04/2026   911.3:33(82) C278g 5ed. L85350 07/04/2026 07/04/2026 Libro
        Biblioteca Prof. Eusebio Cleto del Rey Biblioteca Prof. Eusebio Cleto del Rey   07/04/2026   911.3:33(82) C278g 5ed. L85349 07/04/2026 07/04/2026 Libro
        Biblioteca Prof. Eusebio Cleto del Rey Biblioteca Prof. Eusebio Cleto del Rey   07/04/2026   911.3:33(82) C278g 5ed. L69963 07/04/2026 07/04/2026 Libro
        Biblioteca Prof. Eusebio Cleto del Rey Biblioteca Prof. Eusebio Cleto del Rey   07/04/2026   911.3:33(82) C278g 5ed. L85348 07/04/2026 07/04/2026 Libro